Collaborative social work : (Record no. 3414)
[ view plain ]
| 000 -LEADER | |
|---|---|
| fixed length control field | 00688cam a2200181 a 4500 |
| 020 ## - INTERNATIONAL STANDARD BOOK NUMBER | |
| ISBN | 087581428X |
| 020 ## - INTERNATIONAL STANDARD BOOK NUMBER | |
| ISBN | 9780875814285 |
| 050 00 - CALL NUMBER | |
| Classification number | HV40 |
| Item number | .P665 |
| 100 1# - AUTHOR | |
| Personal name | Poulin, John E. |
| 245 10 - TITLE | |
| Title | Collaborative social work : |
| Remainder of title | strengths-based generalist practice / |
| Statement of responsibility, etc | John Poulin and contributors. |
| 260 ## - PUBLICATION INFORMATION | |
| Place of publication | Itasca, Ill. : |
| Name of publisher | F.E. Peacock Publishers, |
| Year of publication | c2000. |
| 300 ## - DESCRIPTION | |
| Number of Pages | xvii, 478 p. : |
| Other physical details | ill. ; |
| Dimensions | 26 cm. |
| 500 ## - NOTES | |
| General note | Includes index. |
| 505 ## - FORMATTED CONTENTS NOTE | |
| Table of Content | Generalist Social Work Practice --<br/>Generalist Practice with Special Populations --<br/>The National Association of Social Workers Code of Ethics. |
| 650 #0 - SUBJECTS | |
| Topical Term | Social service |
| General subdivision | Methodology. |
| 650 #0 - SUBJECTS | |
| Topical Term | Social group work. |
| 942 ## - ADDED ENTRY ELEMENTS (KOHA) | |
| Koha item type | Books |
| Withdrawn status | Lost status | Home library | Current library | Shelving location | Date acquired | Full call number | Accession Number | Koha item type |
|---|---|---|---|---|---|---|---|---|
| Methodist University Library Main | Methodist University Library Main | General Stacks | HV40 .P665 | 1843 | Books |